|
|
|
|
| LEADER |
00000cam a2200000 7i4500 |
| 001 |
0000000736 |
| 005 |
20220105103914.0 |
| 008 |
070703 |
| 020 |
|
|
|a 9833447023
|
| 020 |
|
|
|a 9833447074(set)
|
| 090 |
0 |
0 |
|a JP
|b MAL (1005)
|
| 100 |
0 |
|
|a Hamdan Mohd Ali
|
| 245 |
1 |
0 |
|a Salmah dan pinggan emas
|c Hamdan Mohd Ali
|
| 260 |
|
|
|a Selangor :
|b Mika Cemerlang ,
|c 2006
|
| 440 |
|
|
|a Siri unggas rimba
|
| 500 |
|
|
|a Children age 4-6 years old (yellow)
|
| 650 |
|
0 |
|a Malay language
|x Readers
|
| 999 |
|
|
|a 0000959803
|b Book
|c Children Collection
|e Perbadanan Perpustakaan Awam Johor
|
| 999 |
|
|
|a 0000959805
|b Book
|c Children Collection
|e Perbadanan Perpustakaan Awam Johor
|
| 999 |
|
|
|a 0001054283
|b Book
|c Children Collection
|e Cawangan Tangkak
|
| 999 |
|
|
|a 0001151547
|b Book
|c Children Collection
|e Cawangan Tangkak
|
| 999 |
|
|
|a 0001151548
|b Book
|c Children Collection
|e Cawangan Bukit Gambir
|
| 999 |
|
|
|a 0001151549
|b Book
|c Children Collection
|e Cawangan Bandar Penawar
|